Witamy w Bibliotece Naukowej Instytutu Łączności!

Dotyczy PN-EN 50121-1:2008 - Zastosowania kolejowe - Kompatybilność elektromagnetyczna - Część 1: Postanowienia ogólne = (Rekord nr 21557)

000 -LEADER
fixed length control field 00351 a2200085 4500
003 - CONTROL NUMBER IDENTIFIER
control field WA 310
005 - DATE AND TIME OF LATEST TRANSACTION
control field 20211206103530.0
008 - FIXED-LENGTH DATA ELEMENTS--GENERAL INFORMATION
fixed length control field 190625s2008 pl f u |000 0 pol d
040 ## - CATALOGING SOURCE
Original cataloging agency WA 310
Transcribing agency WA 310
041 ## - LANGUAGE CODE
Language code of text/sound track or separate title pol
Language code of original and/or intermediate translations of text eng
245 00 - TITLE STATEMENT
Title Dotyczy PN-EN 50121-1:2008 - Zastosowania kolejowe - Kompatybilność elektromagnetyczna - Część 1: Postanowienia ogólne =
Remainder of title Railway applications - Electromagnetic compatibility - Part 1: General PN-EN 50121-1:2008/AC:2008P /
Statement of responsibility, etc KT nr 61.
246 13 - VARYING FORM OF TITLE
Title proper/short title PN-EN 50121-1:2008/AC
246 13 - VARYING FORM OF TITLE
Title proper/short title ICS 29.280, 33.100.01, 45.020
246 13 - VARYING FORM OF TITLE
Title proper/short title Poprawka do Polskiej Normy
246 31 - VARYING FORM OF TITLE
Title proper/short title Railway applications - Electromagnetic compatibility - Part 1: General
260 ## - PUBLICATION, DISTRIBUTION, ETC. (IMPRINT)
Place of publication, distribution, etc Warszawa :
Name of publisher, distributor, etc PKN,
Date of publication, distribution, etc 2008.
300 ## - PHYSICAL DESCRIPTION
Extent 2 strony ;
Dimensions 30 cm.
336 ## - TYP ZAWARTOŚCI
Typ zawartosci Tekst
-- txt
-- rdacontent
337 ## - TYP MEDIUM
Typ medium Bez urządzenia pośredniczącego
-- n
-- rdamedia
338 ## - TYP NOŚNIKA
Typ nosnika Wolumin
-- nc
-- rdacarrier
500 ## - GENERAL NOTE
General note Wprowadza EN 50121-1:2006/corrigendum May 2008, IDT ; Zatwierdzona 12 grudnia 2008 r.
500 ## - GENERAL NOTE
General note Poprawka do Normy Europejskiej EN 50121-1:2006/corrigendum May 2008 […] ma status Poprawki do Polskiej Normy.
590 ## - LOCAL NOTE (RLIN)
Local note Norma wycofana.
710 ## - ADDED ENTRY--CORPORATE NAME
9 (RLIN) 1107
Corporate name or jurisdiction name as entry element Polska.
Subordinate unit Polski Komitet Normalizacyjny.
942 ## - ADDED ENTRY ELEMENTS (KOHA)
Source of classification or shelving scheme
Koha item type Książki
Egzemplarze
Withdrawn status Lost status Source of classification or shelving scheme Damaged status Not for loan Permanent Location Current Location Shelving location Date acquired Inventory number Total Checkouts Full call number Barcode Date last seen Date checked out Price effective from Koha item type Public note
        Nie do wypożyczenia Instytut Łączności Instytut Łączności Księgozbiór Podręczny 2018-01-31 PN-EN 50121-1:2008/AC 2 PN-EN 50121-1:2008/AC PN-EN 50121-1:2008/A 2019-10-29 2019-10-28 2018-01-31 Książki print, skan, wycofana

Działa dzięki Koha